000 00417nam a2200169Ia 4500
005 20250508150935.0
008 008 250505s9999 xx 000 0 eng d
037 _aTextual
040 _aFEDL
_beng
_cFEDL
041 _aeng
_2eng
084 _a823, BOW
_qFEDL
100 _aBowen Elizabeth
245 0 _aEnglish novelists
300 _a47p.
942 _cTEXL
_h823, BOW
999 _c1326622
_d1326622